UK Number 1 Singles - 1979 - Statistics

General Stats
  • This quiz has been taken 108 times
  • The average score is 14 of 18
Answer Stats
Hint Answer % Correct
YMCA Village People
99%
Heart Of Glass Blondie
96%
Sunday Girl Blondie
96%
I Will Survive Gloria Gaynor
96%
Message In A Bottle Police
93%
Walking On The Moon Police
93%
Tragedy Bee Gees
92%
Another Brick In The Wall Pink Floyd
92%
Video Killed The Radio Star Buggles
90%
Cars Gary Numan
81%
I Don't Like Mondays Boomtown Rats
75%
Ring My Bell Anita Ward
67%
When You're In Love With A Beautiful Woman Dr Hook
67%
Bright Eyes Art Garfunkel
64%
We Don't Talk Anymore Cliff Richard
64%
Hit Me With Your Rhythm Stick Ian Dury And The Blockheads
61%
Are 'Friends' Electric Tubeway Army
49%
One Day At A Time Lena Martell
26%
No matching quizzes found
Score Distribution
Percent of People with Each Score
Percentile by Number Answered
Your Score History
You have not taken this quiz